00352 a2200109 4500001001000000005001700010008004100027245007600068100002800144773005300172999001700225ART_2496220260410161933.0260409a 10aLa conferencia de Caracas y las modificaciones al tratado de Montevideo1 aBarrionuevo, Gerardo R.0 tInformeg- Año II, Nº 7 (ene. 1970)wREV23765 c28780d28780